[Event "Amsterdam Science Park op-A"]
[Site "Amsterdam"]
[Date "2014.07.06"]
[Round "2"]
[White "Castaneda, Georgui"]
[Black "Roemersma, Aad"]
[Result "1-0"]
[WhiteElo "2500"]
[BlackElo "2106"]
[PlyCount "47"]
[EventDate "2014.07.05"]
[EventType "swiss"]
[EventRounds "9"]
[EventCountry "NED"]
[SourceTitle "CBM 161 Extra"]
[Source "ChessBase"]
[SourceDate "2014.08.29"]
[SourceVersion "1"]
[SourceVersionDate "2014.08.29"]
[SourceQuality "1"]

1. d4 e6 2. Nf3 Nf6 3. e3 d5 4. Bd3 c5 5. b3 Nc6 6. 0-0 Qc7 7. c4 dxc4 8. bxc4 Be7 9. Bb2 0-0 10. Nc3 Rd8 11. Qe2 Nb4 12. Bb1 b6 13. a3 Nc6 14. Rd1 Ba6 15. Nb5 Bxb5 16. cxb5 Na5 17. Ba2 Rac8 18. Rac1 Nb7 19. Ne5 Na5 20. f4 Nd7 21. d5 exd5 22. Nxf7 Kxf7 23. Bxd5+ Kf8 24. Qh5 1-0